Plant diseases
| Main Author: | |
|---|---|
| Format: | Book |
| Published: |
New Delhi, India :
Anmol Publications ,
2006
|
| Subjects: |
MARC
| LEADER | 00000cam a2200000 7i4500 | ||
|---|---|---|---|
| 001 | 0000003647 | ||
| 005 | 20080129.0 | ||
| 020 | 0 | 0 | |a 8126126582 |
| 090 | 0 | 0 | |a 632.3 |b TYA |
| 100 | 1 | 0 | |a Tyagi, Amar |
| 245 | 1 | 0 | |a Plant diseases |c Amar Tyagi |
| 260 | 0 | 0 | |a New Delhi, India : |b Anmol Publications , |c 2006 |
| 300 | |a 2 Vol. : |b ill. ; |c 23cm. | ||
| 650 | 0 | 0 | |a Plant diseases |
| 999 | |a 0000007228 |b Monograph |c Open Shelf |e Default branch | ||
| 999 | |a 0000007229 |b Monograph |c Open Shelf |e Default branch | ||